Elementary statistics / (Record no. 8880)

MARC details
000 -LEADER
fixed length control field 01242nac a2200385 i 4500
003 - CONTROL NUMBER IDENTIFIER
control field EG-ScBUE
005 - DATE AND TIME OF LATEST TRANSACTION
control field 20241128101049.0
006 - FIXED-LENGTH DATA ELEMENTS--ADDITIONAL MATERIAL CHARACTERISTICS--GENERAL INFORMATION
fixed length control field m||||fq||h 00| 0
008 - FIXED-LENGTH DATA ELEMENTS--GENERAL INFORMATION
fixed length control field 150824t2008 caua f b 001 0 eng d
020 ## - INTERNATIONAL STANDARD BOOK NUMBER
International Standard Book Number 0321484088
020 ## - INTERNATIONAL STANDARD BOOK NUMBER
International Standard Book Number 9780321484086
035 ## - SYSTEM CONTROL NUMBER
System control number (OCoLC)ocm65538664
035 ## - SYSTEM CONTROL NUMBER
System control number (OCoLC)65538664
040 ## - CATALOGING SOURCE
Original cataloging agency EG-Sc BUE
Language of cataloging eng
Description conventions rda
Transcribing agency EG-Sc BUE
Modifying agency EG-ScBUE
082 04 - DEWEY DECIMAL CLASSIFICATION NUMBER
Classification number 519.5
Item number WEI
Edition number 22
100 1# - MAIN ENTRY--PERSONAL NAME
Personal name Weiss, N. A.,
Relator term author.
9 (RLIN) 34641
245 10 - TITLE STATEMENT
Title Elementary statistics /
Statement of responsibility, etc Neil A. Weiss, Department of Mathematics and Statistics, Arizona State University.
250 ## - EDITION STATEMENT
Edition statement Seventh edition.
250 ## - EDITION STATEMENT
Edition statement Pearson International edition.
264 #1 - PUBLICATION, DISTRIBUTION, ETC. (IMPRINT)
Place of publication, distribution, etc San Francisco :
Name of publisher, distributor, etc Pearson Addison-Wesley,
Date of publication, distribution, etc [2008]
264 #4 - PUBLICATION, DISTRIBUTION, ETC. (IMPRINT)
Date of publication, distribution, etc c2008
300 ## - PHYSICAL DESCRIPTION
Extent 1 volume (various pagings) :
Other physical details color illustrations ;
Dimensions 27 cm +
Accompanying material 1 CD
336 ## - CONTENT TYPE
Source rdacontent
Content type term text
Content type code txt
336 ## - CONTENT TYPE
Source rdacontent
Content type term sounds
Content type code snd
337 ## - MEDIA TYPE
Media type term unmediated
Source rdamedia
Media type code n
337 ## - MEDIA TYPE
Media type term audio
Source rdamedia
Media type code s
338 ## - CARRIER TYPE
Carrier type term volume
Carrier type code nc
Source rdacarrier
338 ## - CARRIER TYPE
Carrier type term computer disc
Carrier type code cd
Source rdacarrier
500 ## - GENERAL NOTE
General note Includes index.
650 #7 - SUBJECT ADDED ENTRY--TOPICAL TERM
Topical term or geographic name as entry element Statistics.
Source of heading or term BUEsh
651 ## - SUBJECT ADDED ENTRY--GEOGRAPHIC NAME
Source of heading or term BUEsh
653 ## - INDEX TERM--UNCONTROLLED
Arrived date list August2015
655 ## - INDEX TERM--GENRE/FORM
Form subdivision Reading book
942 ## - ADDED ENTRY ELEMENTS (KOHA)
Koha item type Book - Borrowing
Source of classification or shelving scheme Dewey Decimal Classification
Holdings
Withdrawn status Lost status Source of classification or shelving scheme Damaged status Not for loan Collection code Home library Current library Shelving location Date acquired Source of acquisition Cost, normal purchase price Total Checkouts Full call number Barcode Date last seen Date checked out Cost, replacement price Koha item type Price effective from
    Dewey Decimal Classification     Baccah Central Library Central Library First floor 27/03/2008 Purchase 224.00 1 519.5 WEI 000010848 15/07/2025 21/11/2012 280.00 Book - Borrowing  
    Dewey Decimal Classification     Baccah Central Library Central Library First floor 27/03/2008 Purchase 224.00   519.5 WEI 000011169 24/08/2022   280.00 CD | DVD - With book 20/04/2008